000
00209 a2200097 4500
001
2833
100
_a
More, T
245
_a
Selections from his english works
260
_a
_b
Clarendon
_c
090
_c
2128
_d
2128
942
_a
NUST-CAE
_c
M
_c
12536
999
_c
237906
_d
237906